Normal view MARC view
  • Belaustegui, Inés

Entry Nombre Personal

Number of records used in: 1

001 - NUMERO DE CONTROL

  • campo de control: 46303

003 - IDENTIFICADOR DE NUMERO DE CONTROL

  • campo de control: UPN

005 - FECHA Y HORA DE LA ÜLTIMA TRANSACCIÓN

  • campo de control: 20220911232443.0

008 - DATOS DE LONGITUD FIJA

  • campo de control de longitud fija: 220911nn acannaabn n aaa d

040 ## - FUENTE DE CATALOGACIÓN

  • Agencia original de catalogación: UPN

100 1# - ENCABEZAMIENTO - NOMBRE PERSONAL

  • Nombre personal: Belaustegui, Inés

400 1# - VEÁSE - NOMBRE DE PERSONA

  • Personal name: Belaustegui Trías, Inés

670 ## - FUENTE EN LA QUE SE LOCALIZARON DATOS

  • Cita de la fuente: LC

680 ## - NOTA PUBLICA DE ACCESO PÚBLICO

  • Frase explicativa de la referencia: Traductora española

902 ## - CATALOGADOR

  • Catalogador: CAA/110922